[Event "GER-ch Net Amateur Gr-B Vor3"]
[Site "Playchess.com INT"]
[Date "2020.04.16"]
[Round "9"]
[White "Horatschek, Martin Jr"]
[Black "Haubold, Christian Lucas"]
[Result "1-0"]
[WhiteElo "1427"]
[BlackElo "1571"]
[PlyCount "179"]
[EventDate "2020.04.16"]
[EventType "swiss (blitz)"]
[EventRounds "9"]
[EventCountry "GER"]
[SourceTitle "CBM 195 Extra"]
[Source "ChessBase"]
[SourceDate "2020.05.31"]
[SourceVersion "1"]
[SourceVersionDate "2020.05.31"]
[SourceQuality "1"]

1. e4 e5 2. Nf3 Nc6 3. Bc4 Bc5 4. 0-0 Nf6 5. d4 Bxd4 6. Nxd4 Nxd4 7. f4 d6 8. c3 Nc6 9. fxe5 Nxe5 10. Bb3 Bg4 11. Qe1 Nd3 12. Qh4 Nxc1 13. Rxc1 c6 14. Nd2 Qb6+ 15. Kh1 Qe3 16. Nf1 Qb6 17. Re1 0-0 18. Ne3 Bh5 19. Nf5 Bg6 20. Nh6+ gxh6 21. Qxf6 Qd8 22. Qf3 Qg5 23. Re3 Rae8 24. Qf2 d5 25. Rg3 Qe5 26. exd5 cxd5 27. Rf1 Qe2 28. Qf6 Qe5 29. Qf3 Qe2 30. Bxd5 Qxf3 31. Rgxf3 b6 32. Kg1 Re2 33. b4 Rd2 34. c4 b5 35. R3f2 Rxf2 36. Rxf2 bxc4 37. Bxc4 Rc8 38. Bb3 Rb8 39. a3 a5 40. Rf4 axb4 41. Rxb4 Rxb4 42. axb4 Bd3 43. Kf2 Bb5 44. Ke3 Kf8 45. Kd4 Ke7 46. Kc5 Bd7 47. Bd5 h5 48. b5 h4 49. b6 Bc8 50. Kc6 f5 51. Kc7 Ba6 52. Bb7 Bb5 53. Bc6 Ba6 54. Kb8 Kf6 55. Ka7 Bc8 56. Bd7 Bxd7 57. b7 f4 58. b8Q Kf5 59. Qf8+ Ke4 60. Qe7+ Kd3 61. Qxd7+ Ke3 62. Qe6+ Kf2 63. Qa2+ Ke3 64. Kb6 h3 65. Kb5 f3 66. gxf3 Kxf3 67. Kc4 h6 68. Kd4 h5 69. Qd2 h4 70. Qc2 Kf4 71. Kd3 Kf3 72. Qe2+ Kf4 73. Qe3+ Kf5 74. Qe4+ Kf6 75. Ke3 Kg5 76. Qf4+ Kg6 77. Kf3 Kg7 78. Qf5 Kg8 79. Qd7 Kf8 80. Kg4 Kg8 81. Kxh4 Kh8 82. Kxh3 Kg8 83. Kg4 Kf8 84. Qa7 Ke8 85. h3 Kf8 86. h4 Kg8 87. h5 Kf8 88. Kg5 Kg8 89. Kg6 Kh8 90. Qb8# 1-0

[Event "GER-ch Net Amateur Gr-B Vor3"]
[Site "Playchess.com INT"]
[Date "2020.04.16"]
[Round "6"]
[White "Horatschek, Martin Jr"]
[Black "Hoffmann, Kay"]
[Result "0-1"]
[WhiteElo "1420"]
[BlackElo "1597"]
[PlyCount "57"]
[EventDate "2020.04.16"]
[EventType "swiss (blitz)"]
[EventRounds "9"]
[EventCountry "GER"]
[SourceTitle "CBM 195 Extra"]
[Source "ChessBase"]
[SourceDate "2020.05.31"]
[SourceVersion "1"]
[SourceVersionDate "2020.05.31"]
[SourceQuality "1"]

1. e4 d5 2. exd5 Qxd5 3. Nc3 Qa5 4. d4 Nf6 5. Bc4 Nc6 6. Nf3 Bg4 7. 0-0 0-0-0 8. Be3 e5 9. Be2 exd4 10. Nxd4 Bxe2 11. Nxc6 Bxd1 12. Nxa5 Bxc2 13. Rac1 Bd3 14. Rfd1 Bb4 15. Nb3 Ng4 16. h3 Nxe3 17. fxe3 Rhe8 18. Kf2 Bc4 19. Nd2 Bxa2 20. Nxa2 Bxd2 21. Rc2 Bxe3+ 22. Kg3 Rxd1 23. Re2 Rd3 24. Nb4 Bc5+ 25. Nxd3 Rxe2 26. Nxc5 Rxb2 27. Ne4 a5 28. h4 a4 29. Nc3 0-1

[Event "GER-ch Net Amateur Gr-B Vor2"]
[Site "Playchess.com INT"]
[Date "2020.04.15"]
[Round "3"]
[White "Horatschek, Martin Jr"]
[Black "Serreck, Uwe"]
[Result "0-1"]
[WhiteElo "1480"]
[BlackElo "1676"]
[PlyCount "67"]
[EventDate "2020.04.15"]
[EventType "swiss (blitz)"]
[EventRounds "9"]
[EventCountry "GER"]
[SourceTitle "CBM 196 Extra"]
[Source "ChessBase"]
[SourceDate "2020.07.31"]
[SourceVersion "1"]
[SourceVersionDate "2020.07.31"]
[SourceQuality "1"]

1. e4 g6 2. d4 Bg7 3. Nf3 d6 4. Bd3 Nf6 5. 0-0 0-0 6. c3 Nbd7 7. Nbd2 e5 8. d5 Nh5 9. Nc4 Nf4 10. Bxf4 exf4 11. Re1 Re8 12. Qc2 b5 13. Ncd2 Rb8 14. Nd4 Ne5 15. Bxb5 Rf8 16. Ba4 Qh4 17. N2f3 Qh5 18. Nxe5 Bxe5 19. Nf3 Bg4 20. Nxe5 dxe5 21. f3 Bc8 22. Rad1 g5 23. d6 cxd6 24. Rxd6 g4 25. Bd7 gxf3 26. Bxc8 Rfxc8 27. gxf3 Kh8 28. Rf1 Rg8+ 29. Kh1 Rg3 30. Rd3 Rg6 31. Rd2 Rbg8 32. Rg2 Rxg2 33. Qxg2 Rxg2 34. Kxg2 0-1

[Event "GER-ch Net Amateur Gr-B Vor1"]
[Site "Playchess.com INT"]
[Date "2020.04.14"]
[Round "1"]
[White "Horatschek, Martin Jr"]
[Black "Schnepel, Thomas"]
[Result "0-1"]
[WhiteElo "1522"]
[BlackElo "1640"]
[PlyCount "116"]
[EventDate "2020.04.14"]
[EventType "swiss (blitz)"]
[EventRounds "9"]
[EventCountry "GER"]
[SourceTitle "EXT 2021"]
[Source "ChessBase"]
[SourceDate "2020.10.23"]
[SourceVersion "1"]
[SourceVersionDate "2020.10.23"]
[SourceQuality "1"]

1. e4 c5 2. Nf3 Nc6 3. Bb5 g6 4. 0-0 Bg7 5. c3 e5 6. Re1 Nge7 7. d3 0-0 8. Bg5 f6 9. Bh4 Kh8 10. Nbd2 d6 11. Nc4 g5 12. Bg3 Ng6 13. Ne3 Nce7 14. d4 cxd4 15. c4 dxe3 16. fxe3 Bg4 17. Qb3 Bxf3 18. gxf3 Nh4 19. Kf2 Neg6 20. Rad1 Qb6 21. Qc3 Rac8 22. a4 a6 23. a5 Qc5 24. Bxa6 bxa6 25. b3 f5 26. Rd5 Qc7 27. Red1 f4 28. Bxh4 Nxh4 29. exf4 Rxf4 30. R5d3 Qf7 31. Rf1 Rf8 32. Ke1 Nxf3+ 33. Kd1 Nd4 34. Rg1 Rf1+ 35. Rxf1 Qxf1+ 36. Qe1 Qxe1+ 37. Kxe1 Bh6 38. Rh3 Kg7 39. Kd2 g4+ 40. Kd3 Rf3+ 41. Rxf3 gxf3 42. h4 Bf4 43. c5 dxc5 44. b4 Bg3 45. h5 f2 46. bxc5 f1Q+ 47. Kc3 Ne2+ 48. Kc4 Bf4 49. Kd5 Qd1+ 50. Ke6 Nd4+ 51. Ke7 Nc6+ 52. Ke6 Qd8 53. h6+ Kxh6 54. Kf5 Qg5+ 55. Ke6 Qe7+ 56. Kf5 Nd4+ 57. Kg4 Qg5+ 58. Kh3 Qg3# 0-1

[Event "GER-ch Net blitz qual2"]
[Site "Playchess.com INT"]
[Date "2020.03.16"]
[Round "9"]
[White "Horatschek, Martin Jr"]
[Black "Aring, Gerd"]
[Result "0-1"]
[WhiteElo "1793"]
[BlackElo "2219"]
[PlyCount "88"]
[EventDate "2020.03.16"]
[EventType "swiss (blitz)"]
[EventRounds "9"]
[EventCountry "GER"]
[SourceTitle "CBM 195 Extra"]
[Source "ChessBase"]
[SourceDate "2020.05.31"]
[SourceVersion "1"]
[SourceVersionDate "2020.05.31"]
[SourceQuality "1"]

1. e4 c5 2. Nf3 Nc6 3. d4 cxd4 4. Nxd4 Nf6 5. Nc3 e5 6. Ndb5 d6 7. Bg5 a6 8. Na3 b5 9. Nd5 Be7 10. Bxf6 Bxf6 11. Be2 Ne7 12. Nxf6+ gxf6 13. c4 b4 14. Qa4+ Kf8 15. Qxb4 Rb8 16. Qc3 Qb6 17. b3 Rg8 18. g3 f5 19. 0-0-0 Be6 20. exf5 Nxf5 21. g4 Nd4 22. Bd3 Rxg4 23. Rhg1 h5 24. Rxg4 hxg4 25. Rg1 f5 26. Bf1 Rc8 27. Nc2 Nf3 28. Rg3 d5 29. h3 Qxf2 30. Rxf3 gxf3 31. Qd3 e4 32. Qd1 dxc4 33. bxc4 e3 34. Qd6+ Kf7 35. Bd3 e2 36. Bxe2 fxe2 37. c5 e1Q+ 38. Nxe1 Qxe1+ 39. Kc2 Qe4+ 40. Kc3 Qc4+ 41. Kd2 Rxc5 42. Ke3 Qe4+ 43. Kf2 Rc2+ 44. Kf1 Qe2+ 0-1

[Event "GER-ch Net blitz qual2"]
[Site "Playchess.com INT"]
[Date "2020.03.16"]
[Round "6"]
[White "Horatschek, Martin Jr"]
[Black "Kluever, Benjamin"]
[Result "1-0"]
[WhiteElo "1793"]
[BlackElo "1411"]
[PlyCount "29"]
[EventDate "2020.03.16"]
[EventType "swiss (blitz)"]
[EventRounds "9"]
[EventCountry "GER"]
[SourceTitle "CBM 195 Extra"]
[Source "ChessBase"]
[SourceDate "2020.05.31"]
[SourceVersion "1"]
[SourceVersionDate "2020.05.31"]
[SourceQuality "1"]

1. e4 Nf6 2. e5 Nd5 3. d4 d6 4. Nf3 Bg4 5. Bc4 e6 6. Bxd5 exd5 7. 0-0 Be7 8. exd6 Qxd6 9. Re1 0-0 10. Nc3 c6 11. Qd3 Re8 12. Ng5 Bxg5 13. Rxe8+ Qf8 14. Rxf8+ Kxf8 15. Bxg5 1-0

[Event "GER-ch Net blitz qual2"]
[Site "Playchess.com INT"]
[Date "2020.03.16"]
[Round "5"]
[White "Sautter, Joachim"]
[Black "Horatschek, Martin Jr"]
[Result "1-0"]
[WhiteElo "1467"]
[BlackElo "1793"]
[PlyCount "61"]
[EventDate "2020.03.16"]
[EventType "swiss (blitz)"]
[EventRounds "9"]
[EventCountry "GER"]
[SourceTitle "CBM 195 Extra"]
[Source "ChessBase"]
[SourceDate "2020.05.31"]
[SourceVersion "1"]
[SourceVersionDate "2020.05.31"]
[SourceQuality "1"]

1. e4 c5 2. Nf3 d6 3. d4 cxd4 4. Nxd4 Nf6 5. Nc3 a6 6. Be3 Ng4 7. Qd2 Nxe3 8. Qxe3 e5 9. Nf3 Bg4 10. Be2 Nc6 11. Nd5 Qa5+ 12. c3 Ne7 13. Nxe7 Bxe7 14. 0-0 0-0 15. h3 Bh5 16. a3 Rfd8 17. Rad1 Bg6 18. Rd5 Qa4 19. Qd3 Bxe4 20. Qd1 Bxd5 21. Qxa4 b5 22. Qd1 Be6 23. Qd3 f5 24. Rd1 e4 25. Qd4 exf3 26. Bxf3 Rac8 27. Bb7 Rc7 28. Bxa6 Bf6 29. Qb6 Rc5 30. Rxd6 Rd5 31. Rxd5 1-0

[Event "Eschborn op"]
[Site "Eschborn"]
[Date "2019.08.17"]
[Round "3.18"]
[White "Horatschek, Martin Jr"]
[Black "Ahrends, Norbert"]
[Result "0-1"]
[WhiteElo "1733"]
[BlackElo "1913"]
[PlyCount "146"]
[EventDate "2019.08.16"]
[EventType "swiss"]
[EventRounds "5"]
[EventCountry "GER"]
[SourceTitle "EXT 2024"]
[Source "ChessBase"]
[SourceDate "2023.10.10"]
[SourceVersion "1"]
[SourceVersionDate "2023.10.10"]
[SourceQuality "1"]

1. e4 c6 2. d4 d5 3. Nd2 dxe4 4. Nxe4 Bf5 5. Ng5 e6 6. Bd3 Bxd3 7. Qxd3 h6 8. Ne4 Nd7 9. Nf3 Qc7 10. Be3 Ngf6 11. Nfd2 Nd5 12. c4 Nf4 13. Bxf4 Qxf4 14. Qg3 Qf5 15. 0-0 0-0-0 16. Qf3 Qg6 17. Qg3 Qxg3 18. Nxg3 Nb6 19. c5 Na4 20. Nf3 Nxb2 21. Ne2 Nd3 22. Rfd1 Nb2 23. Rdb1 Nc4 24. Rc1 Na3 25. Ne5 Rd5 26. Nxf7 Rg8 27. Ne5 Nb5 28. Nf3 g5 29. a4 g4 30. Nf4 Nxd4 31. Nxd4 Rxd4 32. Nxe6 Rd5 33. Rd1 Rxd1+ 34. Rxd1 Be7 35. Rd4 Rg6 36. Nf4 Rg5 37. Kf1 Bxc5 38. Re4 Kd7 39. Ke2 Bd6 40. Nd3 b6 41. h4 gxh3 42. gxh3 Rh5 43. h4 a5 44. Kf3 Rd5 45. Ke3 b5 46. f4 Rh5 47. Ne5+ Bxe5 48. fxe5 b4 49. Kd3 Ke6 50. Rc4 Kd5 51. e6 Re5 52. e7 Rxe7 53. Rd4+ Kc5 54. Rc4+ Kd6 55. Rd4+ Kc7 56. Rg4 Re6 57. Kd2 c5 58. Rg7+ Kb6 59. Kd3 Rd6+ 60. Kc2 c4 61. Rg4 Kc5 62. Rf4 h5 63. Rf8 b3+ 64. Kc3 Rd3+ 65. Kb2 Kb4 66. Rf4 Rd2+ 67. Kc1 Rc2+ 68. Kb1 Kxa4 69. Rf5 c3 70. Rf3 Kb4 71. Re3 Rh2 72. Re1 a4 73. Ka1 Rxh4 0-1

[Event "Hessen-chB"]
[Site "Frankfurt"]
[Date "2019.06.01"]
[Round "5"]
[White "Schmitt, Clemens"]
[Black "Horatschek, Martin Jr"]
[Result "1-0"]
[WhiteElo "1767"]
[BlackElo "1689"]
[PlyCount "79"]
[EventDate "2019.05.30"]
[EventType "swiss"]
[EventRounds "7"]
[EventCountry "GER"]
[SourceTitle "EXT 2020"]
[Source "ChessBase"]
[SourceDate "2019.10.17"]
[SourceVersion "1"]
[SourceVersionDate "2019.10.17"]
[SourceQuality "1"]

1. c4 Nf6 2. g3 d5 3. cxd5 Qxd5 4. Nf3 Nc6 5. Bg2 e5 6. Nc3 Qd8 7. 0-0 Be7 8. d3 0-0 9. a3 Rb8 10. b4 Nd5 11. Nxd5 Qxd5 12. Bb2 Qe6 13. b5 e4 14. dxe4 Na5 15. Qd4 Bf6 16. e5 Nb3 17. Qxa7 Nxa1 18. Qxb8 Be7 19. Bxa1 Qb6 20. Bd4 Bc5 21. Bxc5 Qxc5 22. b6 Qxb6 23. Rc1 c6 24. Qd6 Be6 25. Ng5 Qb2 26. Qc5 Bf5 27. e4 Bg4 28. f3 Bd7 29. Rd1 h6 30. Nh3 Be6 31. Nf2 Ra8 32. Bh3 Bb3 33. Rc1 Ba4 34. e6 fxe6 35. Bxe6+ Kh8 36. Qc3 Qb6 37. Kg2 Rd8 38. Nd3 Rxd3 39. Qxd3 Qb2+ 40. Kh3 1-0

[Event "Hessen-chB"]
[Site "Frankfurt"]
[Date "2019.05.31"]
[Round "3"]
[White "Horatschek, Martin Jr"]
[Black "Siegismund, Florian"]
[Result "1/2-1/2"]
[WhiteElo "1689"]
[BlackElo "1777"]
[PlyCount "81"]
[EventDate "2019.05.30"]
[EventType "swiss"]
[EventRounds "7"]
[EventCountry "GER"]
[SourceTitle "EXT 2020"]
[Source "ChessBase"]
[SourceDate "2019.10.17"]
[SourceVersion "1"]
[SourceVersionDate "2019.10.17"]
[SourceQuality "1"]

1. e4 c5 2. Nf3 e6 3. d4 cxd4 4. Nxd4 a6 5. Bd3 Nf6 6. 0-0 Qc7 7. Qe2 d6 8. c4 Be7 9. Nc3 0-0 10. b3 b6 11. Bb2 Bb7 12. Rac1 Nbd7 13. Rfd1 Rfe8 14. Bb1 Rac8 15. Nf3 Qb8 16. Rd2 Bd8 17. Re1 Bc7 18. Qd1 Ba8 19. Ba3 Nc5 20. b4 Ncd7 21. b5 axb5 22. Nxb5 Nc5 23. Bxc5 dxc5 24. Nxc7 Qxc7 25. e5 Ng4 26. Bxh7+ Kf8 27. Nh4 Nxe5 28. Qh5 Rcd8 29. Rde2 Nxc4 30. Bc2 Rd4 31. Qh8+ Ke7 32. Nf5+ Kd8 33. Qxg7 Rd5 34. Qf6+ Kc8 35. Nh6 Rd7 36. Bb3 Na5 37. Bc2 Red8 38. Ng4 Nc6 39. Be4 Nd4 40. Re3 Bxe4 41. Rxe4 1/2-1/2

[Event "Hessen-chB"]
[Site "Frankfurt"]
[Date "2019.05.30"]
[Round "1"]
[White "Horatschek, Martin Jr"]
[Black "Pabel, Ralph"]
[Result "1-0"]
[WhiteElo "1689"]
[BlackElo "1903"]
[PlyCount "103"]
[EventDate "2019.05.30"]
[EventType "swiss"]
[EventRounds "7"]
[EventCountry "GER"]
[SourceTitle "EXT 2020"]
[Source "ChessBase"]
[SourceDate "2019.10.17"]
[SourceVersion "1"]
[SourceVersionDate "2019.10.17"]
[SourceQuality "1"]

1. e4 c6 2. d4 d5 3. Nd2 dxe4 4. Nxe4 Nd7 5. Bc4 e6 6. Qe2 Ngf6 7. Ng5 Nb6 8. N1f3 Nxc4 9. Qxc4 Bd6 10. Bd2 h6 11. Nh3 Qc7 12. 0-0-0 g5 13. Ne5 b5 14. Qe2 Bb7 15. f4 gxf4 16. Nxf4 0-0-0 17. Rhf1 Rdf8 18. Ned3 Nd7 19. Rf2 c5 20. dxc5 Nxc5 21. Rdf1 Ne4 22. Bb4 Nxf2 23. Qxf2 Bxb4 24. Nxb4 Qd6 25. a3 a5 26. Rd1 Qc7 27. Na2 Rd8 28. Nd3 Rhg8 29. g3 Rg5 30. Nc3 Ba6 31. Kb1 Rf5 32. Qe3 h5 33. Re1 Kb8 34. Ne4 b4 35. Nec5 Bxd3 36. Nxd3 bxa3 37. Ne5 Rd5 38. Qb3+ Kc8 39. Nc4 axb2 40. Nb6+ Kd8 41. Nxd5 Rxd5 42. Qa3 Ke8 43. Re3 Qc4 44. Rc3 Qf1+ 45. Kxb2 Rb5+ 46. Rb3 Qc4 47. h3 Rc5 48. Rb8+ Kd7 49. Qd3+ Qxd3 50. cxd3 Kd6 51. Rd8+ Ke5 52. d4+ 1-0